Statistics for Hrvatski gradovi na slovo K

Click here to take the quiz!

General Stats

  • This quiz has been taken 45 times
  • The average score is 6 of 14

Answer Stats

Answer% Correct
Karlovac
93%
Koprivnica
73%
Kutina
68%
Krapina
63%
Križevci
61%
Knin
59%
Krk
54%
Korčula
39%
Kastav
29%
Kutjevo
29%
Kaštela
27%
Komiža
22%
Kraljevica
17%
Klanjec
10%

Score Distribution

Percentile by Number Answered

Percent of People with Each Score

Your Score History

You have not taken this quiz